000 01226nam0a22002771 4500
001 rc\589310
005 20031121163150.6
010 _a5-8258-0139-1
_9500
035 _a(NLR Aleph) 005834736
090 _a5616252
_c5616252
100 _a20031121d2000 u |0rusy50 ca
101 0 _arus
102 _aRU
105 _aa |||||||||
200 1 _aРазвитие коммерческого дела в Башкортостане
_eСб. науч. тр.
_fМ-во торговли Рос. Федерации, Моск. гос. ун-т коммерции, Уфим. ин-т
_g[Редкол.: Муфтиев Г.Г. (отв. ред.) и др.]
210 _aУфа
_cБашкортостан
_d2000
215 _a351 с.
_cил.
_d20
300 _aНа тит. л.: Посвящается 70-летию Моск. гос. ун-та коммерции и 40-летию Уфим. ин-та МГУК
320 _aБиблиогр. в конце ст.
702 1 _aМуфтиев
_bГ. Г.
_4340
712 0 2 _aМосковский коммерческий ун-т
_bУфимский ин-т
_3RU\NLR\AUTH\8810028996
801 0 _aRU
_bNLR
_gpsbo
801 1 _aRU
_bELAR
_2rusmarc
852 _aNLR
_j2000-3/14410
942 _cBOOK
980 _aNB